Normal view
MARC view
Entry Topical Term
001 - CONTROL NUMBER
- control field: 44021
003 - CONTROL NUMBER IDENTIFIER
- control field: ARRUPE
005 - DATE AND TIME OF LATEST TRANSACTION
- control field: 20190114111524.0
008 - FIXED-LENGTH DATA ELEMENTS
- fixed length control field: 190114|| aca||aabn | a|a d
040 ## - CATALOGING SOURCE
- Original cataloging agency: ARRUPE
- Transcribing agency: ARRUPE
150 ## - HEADING--TOPICAL TERM
- Topical term or geographic name as entry element: Mayne, Brian
- General subdivision: Goal mapping
670 ## - SOURCE DATA FOUND
- Source citation: Work cat.: (ARRUPE): Mayne, Brian 12368, Goal mapping:, 2015